000 00527nmm a2200169Ia 4500
008 251105s9999||||xx |||||||||||||||||und||
020 _a9789681660918
041 _aspa
100 _aOrlandini, Alberto
245 0 _aEl estrés :
_b Qué es y cómo evitarlo
264 _a[México D.C., Mexico] :
_bFondo de Cultura Económica,
_c2012
300 _a220 páginas
490 _aLa Ciencia para Todos
650 _aSelf-help and personal development
856 _uhttps://public.digitaliapublishing.com/a/43196
942 _cCF
999 _c96905
_d96905